000 00622cam a2200229 4500
001 ABS66674
008 030509n2003 000 0 eng u
035 _a(Sirsi) u122234
245 _aRegional survey: Essex and NE London boroughs
260 _c2003
490 _aProperty Week
_v68(13) 4 April 2003, 47-60(7)
590 _aABS
650 _aESSEX
650 _aNORTHEAST LONDON
650 _aTHAMES GATEWAY
650 _aINDUSTRIAL MARKET
650 _aDOCKLANDS
650 _aESSEX
650 _aINDUSTRIAL DEVELOPMENT
690 _aPROPERTY-COMMERCIAL PROPERTY-COMMERCIAL PROPERTY MARKET
942 _n0
999 _c72644
_d72644